000 01123njm a22002657a 4500
005 20100918153529.0
006 a|||||r|||||00| 0
007 sd ammalaaahaa
008 100831t xxu||||| |||| 00| 0 eng d
028 _a3AEX.5005
_bODEON
035 _aGR-03574
040 _aSED
_cSED
100 _aMangeshkar, Lata
_917690
245 _aDil apna aur preet parai (Dil apna aur preet parai) /
_cby Lata Mangeshkar...[et.al]
_h[Sound Recording] :
246 _aदिल अपना और प्रीत पराई (दिल अपना और प्रीत पराई) / लता मंगेशकर द्वारा
260 _aDum Dum India
_bODEON
_c1960
300 _a1 sound disc (Gramophone Recording)
_banalog 33 1/3 rpm
_c12 in. (LP)
_fGramophone Record
500 _aBrief Record
500 _aRecord label:ODEON;Black
505 _aSide-2 Chaudhvin ka chand ho (Chaudhvin ka chand) (Mohd.Rafi)
600 _aMangeshkar, Lata
_91184
650 _aFilm songs
_xExcerpts
_zIndia
_917691
942 _2ddc
_cGR
999 _c46818
_d46818